Statistics for Guess the Taylor Swift Song (no hints) 210

Click here to take the quiz!

General Stats

  • This quiz has been taken 18 times
  • The average score is 145 of 285

Answer Stats

Answer% Correct
the
89%
The
89%
a
78%
You
78%
you
78%
me
72%
and
67%
And
67%
in
67%
It
67%
it
67%
it's
67%
It's
67%
on
67%
one
67%
they
67%
They
67%
to
67%
too
67%
Too
67%
We
67%
were
67%
where
67%
your
67%
be
61%
But
61%
do
61%
Don't
61%
(Don't
61%
of
61%
that
61%
you're
61%
You're
61%
(can
56%
Can
56%
can
56%
did
56%
for
56%
go
56%
So
56%
so
56%
(so
56%
Their
56%
think
56%
this
56%
all
50%
are
50%
could
50%
day
50%
every
50%
(only
50%
only
50%
Only
50%
us
50%
was
50%
face
44%
got
44%
his
44%
just
44%
look
44%
now
44%
right
44%
say
44%
they're
44%
thing
44%
time
44%
young
44%
young)
44%
You've
44%
best
39%
how
39%
man
39%
Oh,
39%
Up
39%
with
39%
would
39%
wrong
39%
bad
33%
moment
33%
over
33%
run)
33%
run
33%
run,
33%
aren't
28%
awake
28%
class,
28%
gonna
28%
hiding
28%
inside
28%
keeps
28%
news
28%
ones
28%
outnumbered,
28%
scared
28%
sound
28%
spot
28%
there's
28%
tricked
28%
Wondering
28%
big
22%
brace
22%
busy
22%
change
22%
forget
22%
frozen
22%
game
22%
hands
22%
heard
22%
help
22%
quickly,
22%
red
22%
ref
22%
rigged,
22%
save
22%
tired
22%
TV
22%
begun
17%
fight
17%
finish
17%
gotta
17%
helping
17%
line)
17%
line
17%
matter
17%
ourselves
17%
screaming
17%
stained
17%
themselves
17%
clan
11%

Score Distribution

Percentile by Number Answered

Percent of People with Each Score

Your Score History

You have not taken this quiz